Star Wars:Characters - Statistics

General Stats
  • This quiz has been taken 25 times
  • The average score is 7 of 11
Answer Stats
Hint Answer % Correct
A droid that appears in every movie (played by Anthony Daniels) C3PO
100%
Giant slug like gangster Jabba the Hutt
88%
Episode 7's ball shaped droid BB8
84%
Darth plagueis' apprentice Darth Sidious
72%
Four armed general for the confederacy General Grievous
64%
Gets decapitated by Mace Windu Jango Fett
64%
Anakin's mother Shmi
64%
He owns anakin and his mother as slaves Watto
56%
The female yoda who is a member of the jedi council Yaddle
52%
Gungan king Rugor Nass/Boss nass
48%
Says to Luke just before the battle of Yavin "It'll be like old times, Luke. They'll never stop us." Biggs Darklighter
44%
No matching quizzes found
Score Distribution
Percent of People with Each Score
Percentile by Number Answered
Your Score History
You have not taken this quiz